Middle East Geography on the Map - Statistics

General Stats
  • This quiz has been taken 4,635 times
  • The average score is 15 of 21
Answers on the Map
Answers color-coded by a green-red scale on the quiz's map according to % correct below.
 
Answer Stats
Geography % Correct
Cairo
96%
Nile RIver
96%
Cyprus
95%
Istanbul
94%
Tehran
94%
Dubai
92%
Bahrain
91%
Suez Canal
87%
Mecca
86%
Euphrates
85%
Tigris
85%
Sinai
84%
Red Sea
81%
Persian Gulf
74%
Abu Dhabi
62%
Mount Ararat
55%
Riyadh
43%
Izmir
42%
Mount Zion
15%
King Fahd Causeway
12%
Al Anbar
6%
No matching quizzes found
Score Distribution
Percent of People with Each Score
Percentile by Number Answered
Your Score History
You have not taken this quiz